000 00642nam a2200241Ia 4500
003 OSt
005 20220918174045.0
006 a|||||r|||| 00| 0
007 ta
008 220917b |||||||| |||| 00| 0 eng d
024 _a10,220
037 _cTextual
040 _aARTS
_cARTS
_beng
041 _2eng
_aeng
082 _aQ7:33, M0
100 _aKhan Muhammad Zafrulla
_948935
245 0 _aMuhammad
_b seal of the Prophets
260 _aLondon
_bRoutledge and Kegan Paul UK
_c1980
300 _a289p.
_ccm.
650 _aRELIGION
942 _hQ7:33, M0
_cTEXL
_2CC
999 _c151594
_d151594